Vývoj cien nehnuteľností vo väzbe na vývoj úrokových sadzieb hypotekárnych úverov diplomová práca

Uložené v:
Podrobná bibliografia
Hlavný autor: Domoráková, Nikoleta
Korporativný autor: Fakulta podnikového manažmentu EU. Katedra podnikovohospodárska
Ďalší autori: Tóth, Miroslav, 1961-
Médium: Kniha
Jazyk:Slovak
Vydavateľské údaje: Bratislava 2018
Tagy: Pridať tag
Žiadne tagy, Buďte prvý, kto otaguje tento záznam!

MARC

LEADER 00000nbm a2200000 4500
001 0244894
005 20181004111008.0
041 0 |a slo 
044 |a SK 
245 1 0 |a Vývoj cien nehnuteľností vo väzbe na vývoj úrokových sadzieb hypotekárnych úverov  |b diplomová práca  |c Nikoleta Domoráková ; školiteľ: Miroslav Tóth 
264 1 |a Bratislava  |c 2018 
300 |a 64 s. 
100 1 |a Domoráková, Nikoleta 
700 1 |a Tóth, Miroslav, 1961- 
710 2 |a Fakulta podnikového manažmentu EU. Katedra podnikovohospodárska